| 000 | 00590nam a2200205 a 4500 | ||
|---|---|---|---|
| 001 | 17188 | ||
| 003 | CO-ViMGA | ||
| 008 | 141112s2004 ck r 000 u spa d | ||
| 020 | _a8479783737 | ||
| 040 |
_aCO-ViMGA _bspa _cCO-ViMGA |
||
| 082 | 0 | 4 | _a615.1 R814m |
| 100 | 1 |
_aRubio Gálvez, Jose _924402 |
|
| 245 | 1 | 0 | _aManual de la nueva farmacia |
| 260 |
_aMadríd (España), _cDiaz de Santos, _c1998 |
||
| 300 | _a381.p. | ||
| 590 | _aForma de adquisición : Premio - Mincultura | ||
| 650 | 1 | 4 |
_aFARMACOLOGIA - MANUALES _924403 |
| 650 | 1 | 4 |
_aMEDICAMENTOS - MANUALES _924404 |
| 942 |
_2ddc _cBK |
||
| 999 |
_c26769 _d26769 |
||